[Event "KEN-ch"]
[Site "Nairobi"]
[Date "2022.12.29"]
[Round "8"]
[White "Chege, Kairu"]
[Black "Christie, Karan Renold"]
[Result "1/2-1/2"]
[WhiteElo "1776"]
[BlackElo "1622"]
[PlyCount "67"]
[EventDate "2022.12.26"]
[EventType "swiss"]
[EventRounds "9"]
[EventCountry "KEN"]
[SourceTitle "EXT 2024"]
[Source "ChessBase"]
[SourceDate "2023.10.10"]
[SourceVersion "1"]
[SourceVersionDate "2023.10.10"]
[SourceQuality "1"]

1. e4 d6 2. d4 Nf6 3. Bd3 g6 4. Ne2 Bg7 5. Nbc3 Nbd7 6. Bg5 h6 7. Be3 c5 8. f3 a6 9. Qd2 Rb8 10. a4 Qc7 11. Ng3 h5 12. 0-0 h4 13. Nh1 Nh5 14. Nd5 Qd8 15. Be2 e6 16. Nc3 Qc7 17. Nf2 b6 18. Rad1 Bb7 19. dxc5 dxc5 20. Bg5 Be5 21. Ng4 Bd4+ 22. Be3 Bg7 23. f4 f5 24. exf5 exf5 25. Nf2 Ndf6 26. Nh3 0-0 27. Ng5 Rbe8 28. Bc4+ Kh8 29. Ne6 Rxe6 30. Bxe6 Re8 31. Bc4 Ng4 32. Bf2 Nxf4 33. Qd6 Qxd6 34. Rxd6 1/2-1/2

[Event "KEN-ch"]
[Site "Nairobi"]
[Date "2022.12.27"]
[Round "4"]
[White "Chege, Kairu"]
[Black "Muriuki, Koome"]
[Result "1-0"]
[WhiteElo "1776"]
[BlackElo "1558"]
[PlyCount "59"]
[EventDate "2022.12.26"]
[EventType "swiss"]
[EventRounds "9"]
[EventCountry "KEN"]
[SourceTitle "EXT 2024"]
[Source "ChessBase"]
[SourceDate "2023.10.10"]
[SourceVersion "1"]
[SourceVersionDate "2023.10.10"]
[SourceQuality "1"]

1. e4 c5 2. Nc3 e6 3. Nf3 Nc6 4. Bb5 Qc7 5. Bxc6 bxc6 6. e5 d6 7. exd6 Bxd6 8. 0-0 Nf6 9. d3 h6 10. b3 0-0 11. Bb2 e5 12. h3 Bf5 13. Nd2 Rad8 14. Re1 Nd5 15. Nce4 f6 16. Ng3 Bg6 17. Nde4 Nf4 18. Bc1 Ne6 19. Qg4 Qf7 20. Nxd6 Rxd6 21. Ba3 Rd4 22. Qf3 Qd7 23. Nf1 Rf4 24. Qg3 Bh5 25. Bc1 Qd4 26. Bxf4 Nxf4 27. Qe3 Qd5 28. Qe4 Qe6 29. Qxf4 Qxh3 30. Qc4+ 1-0